[Event "Moron Luis Bronstein Memorial 7th"]
[Site "Moron"]
[Date "2020.01.28"]
[Round "5.4"]
[White "Oyarzu, Eduardo"]
[Black "Ucha, Luis"]
[Result "1-0"]
[WhiteElo "2030"]
[BlackElo "2012"]
[PlyCount "77"]
[EventDate "2020.01.14"]
[EventType "swiss"]
[EventRounds "6"]
[EventCountry "ARG"]
[SourceTitle "EXT 2024"]
[Source "ChessBase"]
[SourceDate "2023.10.10"]
[SourceVersion "1"]
[SourceVersionDate "2023.10.10"]
[SourceQuality "1"]

1. d4 Nf6 2. c4 e6 3. Nc3 d5 4. cxd5 Nxd5 5. e4 Nxc3 6. bxc3 c5 7. Rb1 cxd4 8. cxd4 Nc6 9. Nf3 Bb4+ 10. Bd2 Qa5 11. Bxb4 Nxb4 12. Qd2 Nc6 13. Bb5 Bd7 14. Bd3 Qxd2+ 15. Kxd2 Rb8 16. Rhc1 0-0 17. d5 exd5 18. exd5 Na5 19. Ne5 Rfd8 20. Nxd7 Rxd7 21. Rc5 b6 22. Rxa5 Rbd8 23. Rab5 Rxd5 24. Rxd5 Rxd5 25. Rc1 g6 26. Rc8+ Kg7 27. Rc7 a6 28. Kc3 b5 29. a4 b4+ 30. Kc4 Rd6 31. Be4 a5 32. Bd5 Rf6 33. f3 h5 34. Ra7 Rf4+ 35. Kb3 g5 36. Rxa5 g4 37. fxg4 hxg4 38. Rb5 Rd4 39. a5 1-0

[Event "Buenos Aires Martin Sciorra 1st"]
[Site "Buenos Aires"]
[Date "2019.10.15"]
[Round "4.6"]
[White "Ucha, Luis"]
[Black "Medina, Sergio"]
[Result "0-1"]
[WhiteElo "2009"]
[BlackElo "1966"]
[PlyCount "85"]
[EventDate "2019.10.03"]
[EventType "swiss"]
[EventRounds "6"]
[EventCountry "ARG"]
[SourceTitle "EXT 2024"]
[Source "ChessBase"]
[SourceDate "2023.10.10"]
[SourceVersion "1"]
[SourceVersionDate "2023.10.10"]
[SourceQuality "1"]

1. Nf3 Nf6 2. b3 d6 3. e3 g6 4. d4 Bg7 5. Bb2 0-0 6. c4 c6 7. Bd3 d5 8. 0-0 Bf5 9. Nc3 Bxd3 10. Qxd3 Na6 11. a3 Nc7 12. e4 dxe4 13. Nxe4 Nxe4 14. Qxe4 Ne6 15. Rad1 Qb6 16. b4 a5 17. d5 cxd5 18. cxd5 Bxb2 19. dxe6 Qxe6 20. Qh4 Bf6 21. Ng5 Bxg5 22. Qxg5 axb4 23. axb4 Rfd8 24. Rde1 Qf6 25. Qb5 b6 26. h3 Rd6 27. Re3 Rad8 28. Rf3 Rd5 29. Rxf6 Rxb5 30. Rf4 e5 31. Rc4 Rd2 32. Rb1 Kg7 33. Kf1 Kf6 34. g4 Ke6 35. Ke1 Rd3 36. Rc6+ Kd7 37. Rbc1 Rxb4 38. Rc7+ Ke8 39. Rc8+ Rd8 40. Ke2 Rb2+ 41. Ke3 Rb3+ 42. R1c3 Rxc3+ 43. Rxc3 0-1

[Event "Moron Mayor Cup Challengers 1819"]
[Site "Moron"]
[Date "2019.??.??"]
[Round "4.5"]
[White "Ruiz Diaz, Alfredo"]
[Black "Ucha, Luis"]
[Result "1-0"]
[WhiteElo "1933"]
[BlackElo "2002"]
[PlyCount "59"]
[EventDate "2019.04.01"]
[EventType "tourn"]
[EventRounds "7"]
[EventCountry "ARG"]
[SourceTitle "EXT 2024"]
[Source "ChessBase"]
[SourceDate "2023.10.10"]
[SourceVersion "1"]
[SourceVersionDate "2023.10.10"]
[SourceQuality "1"]

1. d4 Nf6 2. c4 e6 3. Bg5 Bb4+ 4. Nc3 c5 5. dxc5 Na6 6. e3 Nxc5 7. Bd3 Qa5 8. Bxf6 gxf6 9. Nge2 Nxd3+ 10. Qxd3 b6 11. Qe4 Rb8 12. Qf4 Qe5 13. Qxe5 fxe5 14. 0-0-0 Ba6 15. b3 Rc8 16. Kb2 Rg8 17. g3 Bb7 18. Rhe1 d5 19. cxd5 exd5 20. a3 Bxc3+ 21. Nxc3 Rd8 22. Rd2 Rg6 23. Red1 d4 24. exd4 Bf3 25. Re1 Re6 26. d5 f6 27. Re3 Bh5 28. Ne4 Red6 29. Nxd6+ Rxd6 30. f4 1-0

[Event "Moron Philidor CC op 17th"]
[Site "Moron"]
[Date "2018.09.04"]
[Round "1"]
[White "Ucha, Luis"]
[Black "Plana, Jose"]
[Result "1-0"]
[WhiteElo "1858"]
[BlackElo "1479"]
[PlyCount "73"]
[EventDate "2018.09.04"]
[EventType "swiss"]
[EventRounds "6"]
[EventCountry "ARG"]
[SourceTitle "CBM 186 Extra"]
[Source "ChessBase"]
[SourceDate "2018.08.24"]
[SourceVersion "1"]
[SourceVersionDate "2018.08.24"]
[SourceQuality "1"]

1. e4 d6 2. d4 Nf6 3. Nc3 g6 4. Nf3 Bg7 5. Be2 0-0 6. 0-0 Nbd7 7. e5 Ne8 8. Bf4 b6 9. Re1 Bb7 10. e6 Ndf6 11. Ng5 Nd5 12. exf7+ Rxf7 13. Nxf7 Kxf7 14. Qd2 Nxf4 15. Qxf4+ Kg8 16. Bg4 Nf6 17. Be6+ Kh8 18. Re3 Nh5 19. Qg4 Qf8 20. Rae1 Nf4 21. d5 h5 22. Qh4 Bh6 23. Rf3 g5 24. Rxf4 gxf4 25. Qxh5 Qg7 26. Bf7 Qg5 27. Qh3 Bc8 28. Be6 Bb7 29. Ne4 Qg7 30. f3 Rf8 31. Nf2 Rf6 32. Ng4 c6 33. Nxf6 Qxf6 34. dxc6 Bxc6 35. Bb3 Qf8 36. Re6 Kh7 37. Qh5 1-0

[Event "Moron Amateur-ch"]
[Site "Moron"]
[Date "2018.07.19"]
[Round "2"]
[White "Ucha, Luis"]
[Black "Ruiz Diaz, Alfredo"]
[Result "1-0"]
[WhiteElo "1887"]
[BlackElo "1696"]
[PlyCount "53"]
[EventDate "2018.07.17"]
[EventType "swiss"]
[EventRounds "7"]
[EventCountry "ARG"]
[SourceTitle "EXT 2019"]
[Source "ChessBase"]
[SourceDate "2018.10.10"]
[SourceVersion "1"]
[SourceVersionDate "2018.10.10"]
[SourceQuality "1"]

1. e4 e5 2. Nf3 d6 3. d4 exd4 4. Nxd4 Nf6 5. Nc3 c6 6. Bf4 Be7 7. Qd2 Nbd7 8. Nf5 0-0 9. Nxe7+ Qxe7 10. Bxd6 Qe6 11. Bxf8 Kxf8 12. 0-0-0 b5 13. Qd6+ Qxd6 14. Rxd6 Bb7 15. f3 Ke7 16. Rd2 a5 17. Be2 b4 18. Na4 c5 19. Bb5 Rb8 20. e5 Nd5 21. Bxd7 Kxd7 22. Nxc5+ Kc6 23. Nxb7 Rxb7 24. Rhd1 Ne3 25. Rd6+ Kc5 26. R1d3 Nc4 27. R3d5# 1-0

[Event "Moron Faogba op"]
[Site "Moron"]
[Date "2018.03.08"]
[Round "3"]
[White "Navarro, Alberto"]
[Black "Ucha, Luis"]
[Result "1/2-1/2"]
[WhiteElo "1768"]
[BlackElo "1898"]
[PlyCount "145"]
[EventDate "2018.03.03"]
[EventType "swiss"]
[EventRounds "7"]
[EventCountry "ARG"]
[SourceTitle "CBM 183 Extra"]
[Source "ChessBase"]
[SourceDate "2018.04.19"]
[SourceVersion "1"]
[SourceVersionDate "2018.04.19"]
[SourceQuality "1"]

1. e4 c5 2. Nf3 d6 3. g3 g6 4. h3 Bg7 5. Bg2 Nf6 6. d3 0-0 7. Nc3 Nc6 8. 0-0 Rb8 9. a4 a6 10. Bd2 b5 11. axb5 axb5 12. Qc1 b4 13. Ne2 c4 14. Bh6 cxd3 15. cxd3 Na5 16. Qe3 Nb3 17. Rab1 Ba6 18. Bxg7 Kxg7 19. Rfd1 Qb6 20. Ned4 Nc5 21. Ne1 e5 22. Nf5+ Kh8 23. Qg5 Qd8 24. Nh4 Ne6 25. Qe3 Qb6 26. Qxb6 Rxb6 27. Nhf3 Rc8 28. Ra1 Nc5 29. Rac1 Rbc6 30. Bf1 Nb3 31. Rxc6 Rxc6 32. Nd2 Nd4 33. Kg2 Nd7 34. Ra1 Nc5 35. Rc1 Kg7 36. f4 f6 37. Kf2 Kf7 38. Ke3 Ke7 39. Nef3 Kd7 40. Nxd4 exd4+ 41. Kf3 Bxd3 42. Ra1 Bxf1 43. Nxf1 Nd3 44. Ra7+ Rc7 45. Rxc7+ Kxc7 46. b3 Nc1 47. Nd2 Kc6 48. g4 Kc5 49. h4 d5 50. h5 Kd6 51. h6 Ke6 52. f5+ gxf5 53. exf5+ Ke5 54. Kg3 d3 55. Kf3 d4 56. Nc4+ Kd5 57. Nd2 Ne2 58. Kf2 Nf4 59. Kf3 Nh3 60. Kg3 Ng5 61. Kf4 Nf7 62. Ne4 Nxh6 63. Nxf6+ Kd6 64. Ne4+ Ke7 65. g5 Nf7 66. Nd2 Kf8 67. g6 hxg6 68. fxg6 Nh8 69. Ke5 Nxg6+ 70. Kxd4 Ke7 71. Kxd3 Kd6 72. Kc4 Kc6 73. Kxb4 1/2-1/2

[Event "Buenos Aires Philidor CC Kasparov 1st"]
[Site "Buenos Aires"]
[Date "2018.??.??"]
[Round "3.1"]
[White "Ucha, Luis"]
[Black "Romanelli, Gabriel Adrian"]
[Result "1/2-1/2"]
[WhiteElo "2040"]
[BlackElo "2163"]
[PlyCount "74"]
[EventDate "2018.04.30"]
[EventType "tourn"]
[EventRounds "5"]
[EventCountry "ARG"]
[SourceTitle "EXT 2024"]
[Source "ChessBase"]
[SourceDate "2023.10.10"]
[SourceVersion "1"]
[SourceVersionDate "2023.10.10"]
[SourceQuality "1"]

1. c4 Nf6 2. Nc3 g6 3. g3 Bg7 4. Bg2 0-0 5. e4 d6 6. Nge2 c5 7. d3 a6 8. 0-0 Nc6 9. h3 Rb8 10. a4 Bd7 11. Be3 Ne8 12. d4 cxd4 13. Nxd4 Nc7 14. a5 Ne6 15. Nb3 Bxc3 16. bxc3 Ne5 17. c5 Nc4 18. Bh6 Re8 19. cxd6 Nxd6 20. Nd4 Nf8 21. g4 Bb5 22. Re1 e5 23. Nxb5 Nxb5 24. Qb3 Ne6 25. Be3 Rc8 26. Red1 Qc7 27. Rd3 Nc5 28. Bxc5 Qxc5 29. Rd7 Re7 30. Rxe7 Qxe7 31. Rc1 Qc7 32. Bf1 Nd4 33. Qa2 Ne6 34. Rb1 Rd8 35. Qb3 Rd7 36. Qb4 Nf4 37. c4 Ne6 1/2-1/2

[Event "Philidor CC op 14th"]
[Site "Moron"]
[Date "2017.07.29"]
[Round "7"]
[White "Ucha, Luis"]
[Black "Di Grezia, Carmelo Ernesto Fra"]
[Result "1-0"]
[WhiteElo "1930"]
[BlackElo "1797"]
[PlyCount "45"]
[EventDate "2017.07.18"]
[EventType "swiss"]
[EventRounds "7"]
[EventCountry "ARG"]
[SourceTitle "EXT 2019"]
[Source "ChessBase"]
[SourceDate "2018.10.10"]
[SourceVersion "1"]
[SourceVersionDate "2018.10.10"]
[SourceQuality "1"]

1. e4 c5 2. Nf3 Nc6 3. d4 cxd4 4. Nxd4 Nf6 5. Nc3 e5 6. Ndb5 d6 7. Bg5 a6 8. Na3 b5 9. Nd5 Be7 10. Bxf6 Bxf6 11. c3 0-0 12. Nc2 g6 13. a4 bxa4 14. Rxa4 Bg7 15. Nce3 f5 16. Bc4 Kh8 17. h4 f4 18. Ng4 h5 19. f3 hxg4 20. fxg4 Ne7 21. g5 Be6 22. h5 Bxd5 23. hxg6+ 1-0

[Event "Moron Philidor CC 13th"]
[Site "Moron"]
[Date "2017.05.09"]
[Round "1.10"]
[White "Soto, Jose Andres"]
[Black "Ucha, Luis"]
[Result "0-1"]
[WhiteElo "1728"]
[BlackElo "1939"]
[PlyCount "104"]
[EventDate "2017.05.09"]
[EventType "swiss"]
[EventRounds "7"]
[EventCountry "ARG"]
[SourceTitle "EXT 2024"]
[Source "ChessBase"]
[SourceDate "2023.10.10"]
[SourceVersion "1"]
[SourceVersionDate "2023.10.10"]
[SourceQuality "1"]

1. e4 e5 2. Nf3 d6 3. d4 Nd7 4. dxe5 dxe5 5. Bc4 c6 6. 0-0 Be7 7. Nc3 Ngf6 8. Bg5 0-0 9. Re1 Qc7 10. Qe2 Re8 11. Rad1 Nc5 12. h3 Be6 13. Bxe6 Nxe6 14. Be3 b5 15. a3 a5 16. Bc1 Bc5 17. Rd3 Nh5 18. g3 Nxg3 19. Qd1 Rad8 20. Kg2 Nh5 21. Ne2 g6 22. Kh1 Bxf2 23. Rf1 Ng3+ 24. Nxg3 Bxg3 25. Rg1 Bf4 26. Nh4 Kh8 27. Qf3 Qe7 28. Ng2 Rxd3 29. cxd3 Ng5 30. Qg4 h5 31. Qh4 Nf3 32. Qxe7 Rxe7 33. Rf1 Bxc1 34. Rxc1 Nd4 35. Ne3 Kg7 36. Kg2 Kf6 37. Rf1+ Ke6 38. h4 Ne2 39. Kf3 Nd4+ 40. Kg2 Rd7 41. Kf2 Nb3 42. Rd1 Nc5 43. Ke2 Kd6 44. b4 axb4 45. axb4 Ne6 46. Ng2 Ra7 47. Ke3 Ra2 48. Rd2 Ra4 49. Rb2 Nd4 50. Ne1 Ra1 51. Ng2 Rh1 52. Kf2 Rh3 0-1